| 000 | 00619nam a2200217Ia 4500 | ||
|---|---|---|---|
| 003 | OSt | ||
| 005 | 20220928140637.0 | ||
| 006 | a|||||r|||| 00| 0 | ||
| 007 | ta | ||
| 008 | 220927b |||||||| |||| 00| 0 eng d | ||
| 024 | _a10349 | ||
| 037 | _cTextual | ||
| 040 |
_aSDCL _cSDCL _beng |
||
| 041 |
_2eng _aeng |
||
| 082 | _aO-,3M2:g, N4 | ||
| 100 |
_aWatson Nicola J _9496501 |
||
| 245 | 0 |
_aRevolution and the form of the British novel 1790-1825 _b Intercepted letters, interrupted seductions. |
|
| 260 | _c1994 | ||
| 942 |
_hO-,3M2:g, N4 _cTEXL _2CC |
||
| 999 |
_c812871 _d812871 |
||